Digital logic and computer design (Record no. 7262)

MARC details
000 -LEADER
fixed length control field 00490 a2200169 4500
001 - CONTROL NUMBER
control field 132926
003 - CONTROL NUMBER IDENTIFIER
control field OSt
005 - DATE AND TIME OF LATEST TRANSACTION
control field 20220222102601.0
008 - FIXED-LENGTH DATA ELEMENTS--GENERAL INFORMATION
fixed length control field
082 ## - DEWEY DECIMAL CLASSIFICATION NUMBER
Classification number 621.38153
Item number M31D
100 1# - MAIN ENTRY--PERSONAL NAME
Personal name Mano, M. Morris
245 1# - TITLE STATEMENT
Title Digital logic and computer design
Statement of responsibility, etc by M. Morris Mano
260 ## - PUBLICATION, DISTRIBUTION, ETC. (IMPRINT)
Place of publication, distribution, etc New Delhi
Name of publisher, distributor, etc Pearson Education
Date of publication, distribution, etc 2011
300 ## - PHYSICAL DESCRIPTION
Extent 612p.
690 ## - LOCAL SUBJECT ADDED ENTRY--TOPICAL TERM (OCLC, RLIN)
Topical term or geographic name as entry element Digital integrated circuits; Logic circuits; Electronic digital computers
942 ## - ADDED ENTRY ELEMENTS (KOHA)
Source of classification or shelving scheme Dewey Decimal Classification
Koha item type Books
Holdings
Withdrawn status Lost status Source of classification or shelving scheme Damaged status Not for loan Collection code Home library Current library Date acquired Source of acquisition Total Checkouts Full call number Barcode Date last seen Date checked out Price effective from Koha item type
    Dewey Decimal Classification     General Text Book Central University Of Rajasthan Central University Of Rajasthan 21/07/2012 PHY 1 621.38153 M31D 10327 21/11/2024 15/05/2024 02/09/2020 Books